000 00687nam a2200229Ia 4500
003 0100
008 130303s9999 xx 000 0 und d
020 _a521370973
040 _cARRUPELIB
050 _aBS2771.2.H871990
100 _aHurst, L. D
245 4 _aThe epistles to the Hebrews
245 _bits background of thought
260 _aCambridge
260 _bCambridge University Press
260 _C1990
300 _axiv
300 _b 209p. 23cm.
650 _bEmotions--Moral and ethical aspects Ethics, Ancient Descartes, Rene, 1596-1650--Ethics Psychoanalysis and philosophy Psychoanalysis--Moral and ethical aspects
700 _aL. D. Hurst
942 0 0 _01
999 _c13205
_d13205